Urban planning and social policy. (Record no. 3533)

MARC details
000 -LEADER
fixed length control field 00807cam a2200253 4500
001 - CONTROL NUMBER
control field 1231176
003 - CONTROL NUMBER IDENTIFIER
control field OSt
005 - DATE AND TIME OF LATEST TRANSACTION
control field 20160414133653.0
008 - FIXED-LENGTH DATA ELEMENTS--GENERAL INFORMATION
fixed length control field 680301s1968 nyu b 000 0 eng
010 ## - LIBRARY OF CONGRESS CONTROL NUMBER
LC control number 68016874
040 ## - CATALOGING SOURCE
Original cataloging agency DLC
Transcribing agency DLC
Modifying agency DLC
050 00 - LIBRARY OF CONGRESS CALL NUMBER
Classification number HT123
Item number .F76
082 00 - DEWEY DECIMAL CLASSIFICATION NUMBER
Classification number 658.4
Item number URB 1968
245 10 - TITLE STATEMENT
Title Urban planning and social policy.
Statement of responsibility, etc. Edited by Bernard J. Frieden and Robert Morris.
260 ## - PUBLICATION, DISTRIBUTION, ETC. (IMPRINT)
Place of publication, distribution, etc. New York,
Name of publisher, distributor, etc. Basic Books
Date of publication, distribution, etc. 1968
300 ## - PHYSICAL DESCRIPTION
Extent xvii, 459 p.
Dimensions 24 cm.
504 ## - BIBLIOGRAPHY, ETC. NOTE
Bibliography, etc Bibliographical references included in "Notes."
650 #0 - SUBJECT ADDED ENTRY--TOPICAL TERM
Topical term or geographic name as entry element Cities and towns
Geographic subdivision United States.
9 (RLIN) 7885
651 #0 - SUBJECT ADDED ENTRY--GEOGRAPHIC NAME
Geographic name United States
General subdivision Social policy.
9 (RLIN) 7886
700 1# - ADDED ENTRY--PERSONAL NAME
Personal name Morris, Robert,
9 (RLIN) 7887
700 1# - ADDED ENTRY--PERSONAL NAME
Personal name Frieden, Bernard J.,
9 (RLIN) 7888
906 ## - LOCAL DATA ELEMENT F, LDF (RLIN)
a 7
b cbc
c orignew
d u
e ncip
f 19
g y-gencatlg
942 ## - ADDED ENTRY ELEMENTS (KOHA)
Source of classification or shelving scheme Dewey Decimal Classification
Koha item type Short Loan
Holdings
Withdrawn status Lost status Source of classification or shelving scheme Damaged status Not for loan Home library Current library Date acquired Inventory number Total Checkouts Full call number Barcode Date last seen Price effective from Koha item type
    Dewey Decimal Classification     MUST Main Library MUST Main Library 14/04/2016 2000/14079   658.4 URB 1968 2016-0871 14/04/2016 14/04/2016 Short Loan